00939nam a2200229 a 450000100100000000500170001000800410002704000250006808200260009310000300011924500690014925000120021826000610023030000270029159000260031865000290034465000310037391000380040495201230044295201290056599900150069400000997220240412074214.0091002s1996 dr r 000 p spa d aDO-SdBNPbspacBNPHU aRD861.44bC965o, 19961 aCuevas, Juan Pablo92492010aOvertime :bpoemas de verano entre fatigas /cJuan Pablo Cuevas. a2a. ed. aSanto Domingo :aServicios Gráficos Integrados,c1996. a75 p. :bil. ;c24 cm. aInventariado, 2018/BT 0aCuentos dominicanos9176 0aLiteratura dominicana.967 aValidado. Control de calidad. MFF 0010718PDaPDbPDcHDd2009-10-02iLF1l0oRD861.44 C965o, 1996p9972-10r2020-06-25w2020-06-25yLFPDZNo se presta 0010718PDaPDbPDcHDd2009-10-02iLF1l0oRD861.44 C965o, 1996p9972-20r2020-06-25te. 2w2020-06-25yLFPDZNo se presta c9731d9731